1621 1598 1650 1766 1592 1429 1710 1106 1857 1267 1244 1139 1218 1895 1432 1798 1013 1686 1131 1913 1880 1947 1150 1641 1017 1857 1179 1895 1071 1901 1019 1556 1094 1698 1692 1949 1952 1160 1949 1109 1711 1229 1961 1287 1913 1536 1887 1966 1333 1207 1274 1597 1050 1328 1559 1967 1403 1159 1319 1397 1634 1163 1024 1502 1793 1383 1865 1293 1738 1916 1058 1566 1076 1826 1171 1627 1155 1325 1920 1539 1536 1780 1903 1316 1694 1938 1113 1213 1229 1585 1262 1205 1001 1599 1357 1634 1059 1294 1487 BCNSPRNW ULIB Ver.6.0+V

เปลี่ยนเป็นภาษาไทย

Change to English
 แสดงรายละเอียดบรรณานุกรม
  กลับหน้าหลัก

Brief Record : Get Marc (ISO 2709) : E-mail record : QR code < ปิดหน้าต่าง
LEADER : 00000nam 2200000uu 4500
001    13399123175
003     ULIB
008    020711s2551 th a 000 0 tha d
020    9789744263520
090    นว.^bD111ส
100    Driss-N-Cha
245    เสิร์ฟรักมาทักทาย /^cDriss-N-Cha
250    พิมพ์ครั้งที่ 1
260    กรุงเทพฯ :^blemon green,^c2551
300    320 หน้า
945    ^p219^l0^i20323
999    ^aทศพร เกษรทอง
รายการนี้ยังไม่มีแท็ก
คุณยังไม่ได้ล็อกอิน คุณสามารถมีกิจกรรมร่วมกับเว็บไซต์ได้ แต่ต้องล็อกอินก่อน ::
  ล็อกอิน

รายการสื่อสารสนเทศ

ลำดับที่ ประเภท เลขเรียก/บาร์โค้ด สถานที่ สถานะ
1. นวนิยาย
นวนิยาย
นว. D111ส ฉ.1 
  Barcode: 20323
ห้องสมุดวิทยาเขตนครสวรรค์
►นวนิยาย:l:Fiction
บนชั้น

BibComment


ยังไม่เคยถูกคอมเมนท์

คอมเมนท์ทรัพยากรรายการนี้
  คอมเมนท์: เสิร์ฟรักมาทักทาย..


 Copyright 2026. Bcnsprnw @Library